000 00471 a2200181 4500
020 _a058235692X
040 _aDLC
_bDLC
082 0 0 _a539
100 1 _aBransden, B. H.,
245 1 0 _aPhysics of atoms and molecules
_cB.H. Bransden and C.J. Joachain.
250 _a2nd ed.
260 _aNew Delhi ;
_bPearson,
_cc2003.
300 _axiv, 1114 p. :
_bill. ;
_c24 cm.
650 0 _aAtoms.
650 0 _aMolecules.
700 1 _aJoachain, C. J.
942 _cBK
_k539 BRA
_2ddc
999 _c7776
_d7776